000 00404cam a2200145ua 4500
020 _a9788189928353
082 _a658.501
_bKHA/IN
100 _aKhanna, O.P.
_9457
100 _aSarup,A
_91340
245 _aIndustrial Engineering and Management /
250 _aRevised & Enlarged Edition
260 _aNew Delhi :
_bDhanpat Rai Publishing Co. Pvt. Ltd. ,
_c2006, 2007
300 _a953 ; .
942 _cBK
999 _c1365
_d1365